Statistics for Chicago Skyline Quiz

Click here to take the quiz!

General Stats

  • This quiz has been taken 15 times
  • The average score is 8 of 20

Answer Stats

HintAnswer% Correct
This building is famous for being one of the only buildings to survive the Great Chicago Fire.Water Tower
75%
What became the tallest marble-clad building when it was completed?Aon Center
67%
This building is the tallest in the city designed by a women.Aqua
67%
This building is the only skyscraper east of Lake Shore Drive.Lake Point Tower
67%
This touristy pier is the site of Chicago's main Ferris Wheel.Navy Pier
67%
This neo-Gothic building has stone from many famous buildings on the outside.Tribune Tower
67%
... but will soon be surpassed by this building.Vista Tower
67%
Both of the above buildings were designed by what architect?Jeanne Gang
58%
Despite a church in Germany being the official tallest church, this building, used as a church and as offices, is taller.Chicago Temple Building
42%
When it opened, it was the largest building in the world.Merchandise Mart
42%
The John Hancock Center contains what observation deck?360 Chicago
33%
This building, which is curved so that it is larger at the bottom than the top, is the tallest inside of the "L" Train Loop.Chase Tower
25%
The Rookery Building, designed by Daniel Burnham, was renovated by what other architect?Frank Lloyd Wright
25%
This building has the largest atrium in the city.James R. Thomson Center
25%
This architect has designed many Chicago buildings, including most of the college IIT.Ludwig Mies van der Rohe
25%
What is the tallest building not in the community areas of the Loop and Near North Side?One Museum Park
17%
This set of buildings contains the sixth tallest in the city and a building that had the tallest roof upon completion.Prudential Plaza
17%
The Sears Tower (now Willis Tower) was the first building to use what architectural structure?Bundled Tube Structure
8%
What small, man made inlet is just north of the the eastern Chicago River?Ogden Slip
8%
What is the tallest residential building in Chicago?The Legacy at Millenium Park
0%

Score Distribution

Percentile by Number Answered

Percent of People with Each Score

Your Score History

You have not taken this quiz